Plan de pre-inversión e inversión de corto plazo
Estrategia para vigorizar la cooperación para el desarrollo agrícola integrado a corto plazo, contiene una serie de proyectos de corto plazo para dinamizar el desarrollo agrícola integrado regional, los proyectos se clasifican en prioridades según áreas, sanidad vegetal y animal, comercialización ag...
Gardado en:
| Autor Corporativo: | |
|---|---|
| Formato: | Texto |
| Publicado: |
Guatemala:
SIECA. INTAGRO
|
| Materias: | |
| Etiquetas: |
Engadir etiqueta
Sen Etiquetas, Sexa o primeiro en etiquetar este rexistro!
|
MARC
| LEADER | 00000 a a2200000 04500 | ||
|---|---|---|---|
| 001 | 19868 | ||
| 003 | |||
| 040 | |a CRAI/IIS |c CRAI/IIS | ||
| 090 | |a 080504 | ||
| 110 | |a SIECA | ||
| 245 | |a Plan de pre-inversión e inversión de corto plazo | ||
| 260 | |a Guatemala: |b SIECA. INTAGRO | ||
| 300 | |a 180 p.; v. 4 | ||
| 520 | |a Estrategia para vigorizar la cooperación para el desarrollo agrícola integrado a corto plazo, contiene una serie de proyectos de corto plazo para dinamizar el desarrollo agrícola integrado regional, los proyectos se clasifican en prioridades según áreas, sanidad vegetal y animal, comercialización agrícola, tecnología agrícola, recursos naturales, investigación, alimentación animal, mejoramiento de la industria pesquera./ACM | ||
| 650 | |a AMERICA CENTRAL | ||
| 650 | |a MCCA | ||
| 650 | |a INTEGRACION ECONOMICA | ||
| 650 | |a PROYECTOS DE DESARROLLO | ||
| 650 | |a AGRICULTURA | ||
| 650 | |a PRODUCCION AGRICOLA | ||
| 650 | |a PUB. SIECA | ||
| 999 | |c 4221 |d 4221 | ||
